000 00311pab a2200109 454500
008 180718b xxu||||| |||| 00| 0 eng d
100 _aYu, Peter Kien-Hong
245 _aModels of democrats in island China/mainland relations
650 _aDemocracy - China
773 _aJournal of Contemporary Asia
909 _a22084
999 _c22084
_d22084